• 首页
  • 本馆介绍
  • 公告通知
  • 最新文献
  • 馆藏检索
  • 电子资源
  • 读者导购
  • 参考咨询
  • 我的图书馆
  • 登录
  • 详细信息显示
  • 放入我的书架
  • 预约/预借图书
  • 作者相关作品
  • 分类相关作品
  • 丛书相关作品
  • 出版社相关作品

书目信息

  • 表格格式
  • 工作单格式
  • 卡片格式
题名:
包装生物学基础
    
 
作者: 汤伯森 , 向贤伟 , 赵德坚 编
分册:  
出版信息: 北京   化学工业出版社  2009
页数: 188页
开本: 26cm
丛书名:
单 册:
中图分类: TB48
科图分类:
主题词: 包装--生物学--高等教育--教材 , 包装 , 生物学
电子资源:
ISBN: 978-7-122-03556-1
000 01102nam0 2200289 45
001 1338823000
005 20130514151710.42
010    @a978-7-122-03556-1@dCNY27.00
100    @a20130108d2009 em y0chiy0110 ea
101 0  @achi
102    @aCN@b110000
105    @aa z 000yy
106    @ar
200 1  @a包装生物学基础@ABao Zhuang Sheng Wu Xue Ji Chu@f汤伯森,向贤伟,赵德坚编@FTang Bo Sen, Xiang Xian Wei, Zhao De Jian Bian
210    @a北京@c化学工业出版社@d2009
215    @a188页@c图@d26cm
300    @a普通高等教育“十一五”国家级规划教材 包装工程专业系列教材
330    @a本书是根据动植物性产品和水果蔬菜防护包装涉及的问题,从生物学中选取必要的内容,适当加工、有机组合而成的。内容主要涵盖三大部分,即生物化学基础、微生物学基础,以及水果和蔬菜采后生理学基础。
606 0  @a包装@x生物学@x高等教育@j教材
606 0  @a包装
606 0  @a生物学
690    @aTB48@v5
701  0 @a汤伯森@ATang Bo Sen@4编
701  0 @a向贤伟@AXiang Xian Wei@f(1964~)@4编
701  0 @a赵德坚@AZhao De Jian@g(女,@f1966~)@4编
801    @aCN@bTANGWEI@c20130108
905    @b0819903-07@dTB48@e222@f5
    
    包装生物学基础/汤伯森,向贤伟,赵德坚编.-北京:化学工业出版社,2009
    188页:图;26cm
    普通高等教育“十一五”国家级规划教材 包装工程专业系列教材
    
    ISBN 978-7-122-03556-1:CNY27.00
    本书是根据动植物性产品和水果蔬菜防护包装涉及的问题,从生物学中选取必要的内容,适当加工、有机组合而成的。内容主要涵盖三大部分,即生物化学基础、微生物学基础,以及水果和蔬菜采后生理学基础。
●
相关链接 在E读中查询图书 在五车中查询图书 在当当中查询图书 在豆瓣中查询图书


正题名:包装生物学基础     索取号:TB48/222         预约/预借

序号 登录号 条形码 馆藏地/架位号 状态 备注
1 0819903   208199037   第二样本阅览室/ [索取号:TB48/222] 在馆    
2 0819904   208199046   第三借阅区/ [索取号:TB48/222] 在馆    
3 0819905   208199055   第三借阅区/ [索取号:TB48/222] 在馆    
4 0819906   208199064   第三借阅区/ [索取号:TB48/222] 在馆    
5 0819907   208199073   第三借阅区/ [索取号:TB48/222] 在馆    
唐山师范学院图书馆 欢迎您!
大连网信软件有限公司© 版权所有